Dallas Sister Cities - Statistics

General Stats
  • This quiz has been taken 30 times
  • The average score is 3 of 6
Answer Stats
Hint Answer % Correct
Taiwan Taipei
95%
Latvia Riga
80%
Czech Republic Brno
50%
Mexico Monterrey
40%
France Dijon
5%
Russia Saratov
5%
No matching quizzes found
Score Distribution
Percent of People with Each Score
Percentile by Number Answered
Your Score History
You have not taken this quiz